[Event "Third Saturday 105 GM"]
[Site "Novi Sad SRB"]
[Date "2019.02.07"]
[Round "3.5"]
[White "Nasanjargal, Urtnasan"]
[Black "Yang, Kaiqi"]
[Result "0-1"]
[WhiteElo "2490"]
[BlackElo "2477"]
[PlyCount "180"]
[EventDate "2019.02.06"]
[EventType "tourn"]
[EventRounds "9"]
[EventCountry "YUG"]
[EventCategory "7"]
[Source "ChessMix"]
[SourceDate "2019.03.01"]

1. Nf3 Nf6 2. c4 e6 3. g3 d5 4. d4 Bb4+ 5. Bd2 Be7 6. Bg2 O-O 7. O-O Nbd7 8.
Qc2 c6 9. Rd1 b6 10. b3 a5 11. Bc3 Ne4 12. Ne5 Nxe5 13. Bxe4 Ng6 14. Bg2 f5 15.
e3 Ba6 16. Nd2 Rc8 17. Rac1 Nh8 18. c5 b5 19. a3 Nf7 20. f3 Bf6 21. Nf1 Rb8 22.
Re1 b4 23. axb4 axb4 24. Bb2 Qd7 25. Ra1 Bxf1 26. Bxf1 e5 27. f4 exf4 28. exf4
Rfe8 29. Bd3 g6 30. Qd2 Rxe1+ 31. Rxe1 Nd8 32. Qe3 Ra8 33. Bb1 Kf7 34. h3 Ne6
35. Qd2 Re8 36. Kf1 h5 37. g4 hxg4 38. hxg4 fxg4 39. f5 Ng5 40. Re5 Kg7 41. Qf4
Nf3 42. Kg2 gxf5 43. Bxf5 Nh4+ 44. Kf1 Nxf5 45. Qxg4+ Kf8 46. Rxf5 Qe6 47. Kg2
Ke7 48. Qf3 Rg8+ 49. Kf1 Rg5 50. Rf4 Rg6 51. Qh5 Qe3 52. Rf2 Qd3+ 53. Qe2+
Qxe2+ 54. Rxe2+ Kf7 55. Re3 Rg4 56. Rh3 Kg6 57. Bc1 Bxd4 58. Bd2 Bg7 59. Ke2
Kf5 60. Kd3 Rd4+ 61. Kc2 Rg4 62. Rf3+ Ke4 63. Rf2 Ke5 64. Re2+ Kf5 65. Rf2+ Ke6
66. Rf3 Bf6 67. Kd3 Rd4+ 68. Kc2 Rg4 69. Kd3 Be7 70. Be3 Rg2 71. Bd4 Bg5 72.
Bf2 Bf6 73. Rf4 Be5 74. Rf3 Rh2 75. Ke3 d4+ 76. Ke4 Rg2 77. Rf8 Bg7 78. Rf3
Rg4+ 79. Kd3 Kd5 80. Bg3 Rg5 81. Be1 Kxc5 82. Rf7 Kd5 83. Bh4 Rg4 84. Bf2 c5
85. Rd7+ Kc6 86. Rf7 Kd5 87. Rd7+ Ke6 88. Ra7 Rg5 89. Rb7 Rg2 90. Be1 Be5 0-1

[Event "Third Saturday 105 GM"]
[Site "Novi Sad SRB"]
[Date "2019.02.08"]
[Round "4.1"]
[White "Markovic, Miroslav"]
[Black "Yang, Kaiqi"]
[Result "0-1"]
[WhiteElo "2395"]
[BlackElo "2477"]
[PlyCount "41"]
[EventDate "2019.02.06"]
[EventType "tourn"]
[EventRounds "9"]
[EventCountry "YUG"]
[EventCategory "7"]
[Source "ChessMix"]
[SourceDate "2019.03.01"]

1. d4 Nf6 2. Nc3 d5 3. Bg5 e6 4. e4 Be7 5. e5 Nfd7 6. h4 Bxg5 7. hxg5 Qxg5 8.
Nh3 Qe7 9. Nf4 a6 10. Qg4 g6 11. Bd3 Nc6 12. O-O-O Nf8 13. Qg3 Nb4 14. Be2 Qd8
15. Rh6 Nc6 16. Bf3 Ne7 17. Bg4 Ng8 18. Rhh1 Qg5 19. Ncxd5 Rb8 20. Kb1 Bd7 21.
Ne3 {Mobille..} 0-1

[Event "Third Saturday 105 GM"]
[Site "Novi Sad SRB"]
[Date "2019.02.08"]
[Round "5.5"]
[White "Yang, Kaiqi"]
[Black "Peng, Xiongjian"]
[Result "1/2-1/2"]
[WhiteElo "2477"]
[BlackElo "2441"]
[PlyCount "145"]
[EventDate "2019.02.06"]
[EventType "tourn"]
[EventRounds "9"]
[EventCountry "YUG"]
[EventCategory "7"]
[Source "ChessMix"]
[SourceDate "2019.03.01"]

1. Nf3 Nf6 2. c4 d6 3. Nc3 g6 4. g3 Bg7 5. Bg2 O-O 6. O-O c6 7. d4 Nbd7 8. e4
e5 9. h3 a6 10. Be3 b5 11. cxb5 axb5 12. dxe5 Nxe5 13. Nxe5 dxe5 14. Bc5 Re8
15. a4 Nd7 16. Ba3 bxa4 17. Nxa4 Ba6 18. Re1 Bb5 19. Nc3 Bc4 20. Qd6 Qc8 21. h4
Bf8 22. Qd2 Nc5 23. Bxc5 Bxc5 24. Rxa8 Qxa8 25. Bf1 Be6 26. Rc1 Qa5 27. Nb1 Qb6
28. Qc2 Bd4 29. Qxc6 Qxb2 30. Rc2 Bd7 31. Qxd7 Qxc2 32. Qxe8+ Kg7 33. Bg2 Qxf2+
34. Kh2 Qg1+ 35. Kh3 Qxb1 36. Qc8 h5 37. Qc4 Qb2 38. Kh2 Qf2 39. Qf1 Qd2 40.
Qf3 Bf2 41. Bf1 Bc5+ 42. Qe2 Qd4 43. Kh3 Qd7+ 44. Kh2 Qa7 45. Qf3 Qa2+ 46. Qe2
Qa1 47. Qf3 Qc1 48. Kh3 Be3 49. Kg2 Kf8 50. Kh3 Ke7 51. Kg2 Ke6 52. Qe2 Ke7 53.
Qf3 Bd4 54. Kh3 Ke6 55. Qb3+ Kf6 56. Qf3+ Kg7 57. Kg2 f6 58. Kh3 Be3 59. Qe2
Kh6 60. Qf3 Qc8+ 61. Kg2 Qc2+ 62. Kh3 Bg1 63. Qe2 Qc5 64. Qc4 Qf2 65. Bg2 Qa7
66. Qe6 Kg7 67. Bf1 Qf7 68. Qxf7+ Kxf7 69. Bc4+ Ke7 70. g4 hxg4+ 71. Kxg4 Bf2
72. h5 gxh5+ 73. Kxh5 1/2-1/2

[Event "Third Saturday 105 GM"]
[Site "Novi Sad SRB"]
[Date "2019.02.09"]
[Round "6.2"]
[White "Beletic, Daniel"]
[Black "Yang, Kaiqi"]
[Result "1/2-1/2"]
[WhiteElo "2377"]
[BlackElo "2477"]
[PlyCount "56"]
[EventDate "2019.02.06"]
[EventType "tourn"]
[EventRounds "9"]
[EventCountry "YUG"]
[EventCategory "7"]
[Source "ChessMix"]
[SourceDate "2019.03.01"]

1. d4 Nf6 2. Nf3 e6 3. Bf4 b6 4. e3 Bb7 5. Bd3 Be7 6. h3 O-O 7. Nbd2 c5 8. O-O
cxd4 9. exd4 Nc6 10. Re1 d6 11. Bh2 Re8 12. Bf1 Bf8 13. a4 a6 14. c3 Ne7 15.
Nc4 Ned5 16. Qb3 Qc7 17. Ncd2 Nd7 18. Rac1 N5f6 19. Bd3 h6 20. Qa2 Bc6 21. b4
b5 22. c4 bxa4 23. Bc2 Qb7 24. Bxa4 Rec8 25. Bxc6 Qxc6 26. Ra1 Nb6 27. Rec1 Qb7
28. Rab1 Ne4 1/2-1/2

[Event "Third Saturday 105 GM"]
[Site "Novi Sad SRB"]
[Date "2019.02.09"]
[Round "7.4"]
[White "Yang, Kaiqi"]
[Black "Manush, Shah"]
[Result "1/2-1/2"]
[WhiteElo "2477"]
[BlackElo "2379"]
[PlyCount "61"]
[EventDate "2019.02.06"]
[EventType "tourn"]
[EventRounds "9"]
[EventCountry "YUG"]
[EventCategory "7"]
[Source "ChessMix"]
[SourceDate "2019.03.01"]

1. c4 c6 2. Nf3 d5 3. e3 Nf6 4. Nc3 e6 5. b3 Bd6 6. Bb2 e5 7. cxd5 cxd5 8. Nb5
Nc6 9. Nxd6+ Qxd6 10. Qc1 Bg4 11. Bb5 Nd7 12. Bxc6 bxc6 13. d4 Bxf3 14. dxe5
Nxe5 15. Bxe5 Qxe5 16. gxf3 O-O 17. O-O Rae8 18. Kh1 Re6 19. Rg1 d4 20. exd4
Qxd4 21. Qc2 Qf6 22. Kg2 Rfe8 23. Rac1 Qh4 24. Kh1 Re2 25. Qxc6 Qxf2 26. Rxg7+
Kxg7 27. Rg1+ Kf8 28. Qd6+ R8e7 29. Qd8+ Re8 30. Qd6+ R8e7 31. Qd8+ 1/2-1/2

[Event "Third Saturday 105 GM"]
[Site "Novi Sad SRB"]
[Date "2019.02.10"]
[Round "8.3"]
[White "Drazic, Sinisa"]
[Black "Yang, Kaiqi"]
[Result "0-1"]
[WhiteElo "2408"]
[BlackElo "2477"]
[PlyCount "60"]
[EventDate "2019.02.06"]
[EventType "tourn"]
[EventRounds "9"]
[EventCountry "YUG"]
[EventCategory "7"]
[Source "ChessMix"]
[SourceDate "2019.03.01"]

1. e4 c5 2. Nf3 Nc6 3. d4 cxd4 4. Nxd4 Nf6 5. Nc3 d6 6. f3 g6 7. Be3 Bg7 8. Qd2
O-O 9. O-O-O d5 10. exd5 Nxd5 11. Nxc6 bxc6 12. Nxd5 cxd5 13. Qxd5 Qc7 14. Qxa8
Bf5 15. Qxf8+ Kxf8 16. Bd3 Qe5 17. Kd2 Bxd3 18. Kxd3 Qxb2 19. Ke2 f5 20. Rd2
Qxa2 21. Rc1 Qc4+ 22. Kf2 a5 23. c3 a4 24. f4 g5 25. g3 gxf4 26. gxf4 a3 27.
Bd4 Bh6 28. Be5 Bxf4 29. Bxf4 Qxf4+ 30. Ke1 a2 0-1

[Event "Third Saturday 105 GM"]
[Site "Novi Sad SRB"]
[Date "2019.02.11"]
[Round "9.3"]
[White "Yang, Kaiqi"]
[Black "Zuo, Yifan"]
[Result "1-0"]
[WhiteElo "2477"]
[BlackElo "2262"]
[PlyCount "137"]
[EventDate "2019.02.06"]
[EventType "tourn"]
[EventRounds "9"]
[EventCountry "YUG"]
[EventCategory "7"]
[Source "ChessMix"]
[SourceDate "2019.03.01"]

1. c4 c5 2. Nf3 Nc6 3. Nc3 Nf6 4. e3 d5 5. cxd5 Nxd5 6. Qc2 e6 7. a3 Nxc3 8.
bxc3 Be7 9. d4 O-O 10. Bd3 h6 11. O-O b6 12. Rd1 Qc7 13. e4 Na5 14. Qa2 Bb7 15.
Be3 Rac8 16. Qe2 Rfd8 17. h4 Bf6 18. e5 Be7 19. Nd2 cxd4 20. cxd4 Kf8 21. Qg4
Qd7 22. Bh7 f5 23. exf6 Bxf6 24. Ne4 Bxe4 25. Bxe4 Nc4 26. Rd3 Nd6 27. Bg6 Nf5
28. h5 Qd5 29. Re1 Rc4 30. Bxf5 Qxf5 31. Qxf5 exf5 32. d5 Be7 33. g3 Bc5 34.
Bxc5+ Rxc5 35. Re5 f4 36. gxf4 Rd7 37. Kg2 Kf7 38. Kf3 Rc4 39. Kg4 Rd6 40. Rf5+
Rf6 41. d6 Rc8 42. d7 Rd8 43. a4 Ke7 44. Re5+ Kf7 45. Rd4 a6 46. Kf3 Re6 47.
Ke4 Ke7 48. Kf5 Rf8+ 49. Ke4 Rd8 50. Rb4 Rxe5+ 51. fxe5 Rb8 52. Rd4 b5 53. axb5
axb5 54. Kf5 b4 55. d8=Q+ Rxd8 56. Rxb4 Rf8+ 57. Kg6 Rxf2 58. Kxg7 Ke6 59. Rb5
Rg2+ 60. Kxh6 Rg1 61. Kh7 Rg2 62. h6 Rg1 63. Kh8 Rg2 64. h7 Rg3 65. Rb8 Kf7 66.
Rg8 Ra3 67. e6+ Kf6 68. e7 Kxe7 69. Kg7 1-0

[Event "Paracin Winter GM"]
[Site "Paracin SRB"]
[Date "2019.01.31"]
[Round "1"]
[White "Yang, Kaiqi"]
[Black "Lajthajm, Borko"]
[Result "1-0"]
[WhiteElo "2448"]
[BlackElo "2431"]
[PlyCount "55"]
[EventDate "2019.01.31"]
[EventType "tourn"]
[EventRounds "9"]
[EventCountry "YUG"]
[EventCategory "6"]
[Source "ChessMix"]
[SourceDate "2019.02.10"]

1. d4 Nf6 ({Predecessor:} 1... d5 2. c4 e6 3. Nc3 Nf6 4. Bg5 Bb4 5. Nf3 h6 6.
Bxf6 Qxf6 7. e3 O-O 8. Qb3 Nc6 9. a3 Bxc3+ {
1/2-1/2 (56) Glembek,B (2187) -Lukasevicius,P (2293) ICCF email 2011}) 2. c4 e6
3. Nc3 Bb4 4. Qc2 Nc6 5. Nf3 O-O $146 (5... d5 6. Bg5 h6 7. Bxf6 Qxf6 8. a3
Bxc3+ 9. Qxc3 {1-0 (46) Stella, A (2496)-Vila Gazquez,X (2485) Barcelona 2018})
6. a3 Bxc3+ 7. Qxc3 d5 8. Bg5 h6 9. Bxf6 Qxf6 10. e3 Re8 {
D38: Queen's Gambit Declined: Ragozin Defence (4 Nf3 Bb4)} (10... a6 11. Be2
Re8 12. O-O dxc4 13. Qxc4 e5 14. dxe5 Nxe5 15. Qxc7 Nxf3+ 16. Bxf3 Qxb2 17.
Rfb1 Qe5 18. Qxe5 Rxe5 19. Bxb7 Bxb7 20. Rxb7 {
1-0 (46) Stella,A (2496)-Vila Gazquez,X (2485) Barcelona 2018}) 11. Rd1 Bd7 12.
Be2 Rad8 {White is slightly better.} ({Predecessor:} 12... a5 13. O-O Qe7 14.
h3 a4 15. Rfe1 Rec8 16. Bd3 dxc4 17. Bxc4 Na5 18. Ba2 {
1/2-1/2 (56) Glembek,B (2187) -Lukasevicius,P (2293) ICCF email 2011}) 13. O-O
a6 14. Rd2 g5 (14... Rb8 $142) 15. Ne5 $16 dxc4 16. f4 (16. Bxc4 $6 Nxe5 17.
dxe5 Qe7 $11) 16... Nxe5 (16... Qg7 $16) 17. fxe5 $18 ({Less strong is} 17.
dxe5 Qe7 $14) 17... Qg7 18. Bxc4 ({Don't play} 18. Qxc4 $6 Bc6 $16) 18... Bb5 (
18... Rc8 $16 {was called for.} 19. Rdf2 Re7) 19. Bxb5 axb5 20. Rdf2 ({
White should try} 20. Qxc7 $18 f5 21. Rc1) 20... Rd7 21. Rf6 c6 22. Qc2 Rc8 23.
h3 Rcc7 {[#]} 24. Qe2 $1 c5 25. Qxb5 cxd4 26. exd4 Rd8 $2 {[#]} (26... Kh7 $16
{was necessary.}) 27. d5 $1 exd5 $2 (27... g4 28. d6 (28. dxe6 gxh3 29. exf7+
Rxf7 $16) 28... gxh3) (27... Rxd5 28. Qe8+) 28. Qb6 $1 {
Accuracy: White = 86%, Black = 21%.} 1-0

[Event "Paracin Winter GM"]
[Site "Paracin SRB"]
[Date "2019.02.01"]
[Round "2"]
[White "Raja, Rithvik R"]
[Black "Yang, Kaiqi"]
[Result "1/2-1/2"]
[WhiteElo "2431"]
[BlackElo "2448"]
[PlyCount "70"]
[EventDate "2019.01.31"]
[EventType "tourn"]
[EventRounds "9"]
[EventCountry "YUG"]
[EventCategory "6"]
[Source "ChessMix"]
[SourceDate "2019.02.10"]

1. d4 Nf6 2. Bg5 d5 3. Bxf6 exf6 4. e3 Bd6 5. c4 dxc4 6. Bxc4 O-O (6... f5 7.
Nc3 O-O 8. Nf3 {1/2-1/2 (50) Korobov,A (2715)-Leko,P (2737) Kiev 2013}) 7. Nc3
Nd7 $146 ({Predecessor:} 7... c6 8. Nf3 f5 9. O-O {
1/2-1/2 (81) Cosma,E (2303)-Movileanu,D (2192) Reykjavik 2015}) 8. Nf3 f5 9.
O-O c6 10. Qc2 {D00:1 d4 d5: Unusual lines} Nf6 11. Rad1 (11. a3 Qe7 12. b4 Bd7
13. Bd3 g6 14. Na4 Rad8 15. Nc5 Bc8 16. Bc4 Kg7 17. Rab1 Ne4 {
1/2-1/2 (50) Korobov,A (2715)-Leko,P (2737) Kiev 2013}) 11... Qe7 12. Rfe1 Ne4
13. g3 ({Predecessor:} 13. a3 Re8 14. Bf1 Qf6 15. g3 Be6 16. Bg2 Nxc3 17. Qxc3
Bd5 {1/2-1/2 (81) Cosma,E (2303)-Movileanu,D (2192) Reykjavik 2015}) 13... Bd7
14. Bd3 Rfe8 15. Nd2 Nxd2 16. Rxd2 g6 17. a3 Qf6 18. e4 fxe4 ({But not} 18...
Qxd4 $2 {[#]} 19. e5 $1 $18) 19. Nxe4 Qg7 {Threatens to win with ...f5.} 20.
Rde2 Bf8 21. Bc4 Bf5 22. Qb3 {[#] Hoping for Bxf7+!The position is equal.} Bxe4
23. Rxe4 Rxe4 24. Rxe4 b5 25. Bf1 Rd8 26. Qc3 Qf6 27. Rf4 Qd6 28. Bg2 Bh6 29.
Re4 Bg7 30. Re2 Rc8 31. Rd2 Rd8 32. Qxc6 Qxc6 33. Bxc6 Rxd4 34. Rxd4 Bxd4 35.
b3 Bb2 {Accuracy: White = 76%, Black = 81%.} 1/2-1/2

[Event "Paracin Winter GM"]
[Site "Paracin SRB"]
[Date "2019.02.02"]
[Round "3"]
[White "Yang, Kaiqi"]
[Black "Mahalakshmi, Muganda Kumar"]
[Result "1-0"]
[WhiteElo "2448"]
[BlackElo "2185"]
[PlyCount "73"]
[EventDate "2019.01.31"]
[EventType "tourn"]
[EventRounds "9"]
[EventCountry "YUG"]
[EventCategory "6"]
[Source "ChessMix"]
[SourceDate "2019.02.10"]

1. c4 Nf6 2. Nf3 e6 3. g3 d5 4. Bg2 dxc4 5. O-O c6 (5... a6 6. Qc2 Nbd7 7. a4
Nb6 8. a5 Nbd5 9. Qxc4 b5 10. axb6 cxb6 11. Nc3 Bb7 12. d4 b5 13. Qb3 Be7 {
1/2-1/2 (67) Adhiban,B (2695)-Jumabayev,R (2602) Makati 2018}) 6. a4 {
LiveBook: 86 Games. A13: English Opening: 1...e6} Bd6 7. Na3 O-O $146 ({
Predecessor:} 7... Bxa3 8. Rxa3 Nd5 9. a5 Nb4 10. b3 cxb3 11. Qxb3 Nd5 12. Bb2
O-O 13. Rc1 {1-0 (67) Merkert,M (2242)-Blaskowski,J (2261) Bayern 2016}) 8.
Nxc4 {White is slightly better.} Bc7 9. a5 Re8 10. d4 Nbd7 11. Nfe5 Nd5 12. e4
N5f6 (12... Nb4 $16) 13. Qc2 $18 Nf8 14. Rd1 Bd7 15. Bg5 h6 16. Bf4 Rc8 17. b4
Qe7 18. Qb3 Red8 19. Bc1 Ne8 20. Ba3 {aiming for b5.} Nd6 21. Nxd6 Bxd6 22. Nc4
e5 23. Nxd6 Qxd6 24. b5 Qf6 25. bxc6 bxc6 26. dxe5 Qxe5 27. Bd6 $36 {
White is on the roll.} Qb5 $2 {[#]} (27... Be6 $16 {might work better.} 28. Qa3
(28. Bxe5 Bxb3 29. Rdb1 Bc4 $16) 28... Qh5) 28. Qxb5 $1 cxb5 29. Be7 a6 $2 (
29... Re8) 30. Bxd8 {White is clearly winning.} Rxd8 {[#]} 31. Bh3 $1 f6 (31...
Bxh3 32. Rxd8) 32. Rd6 Kf7 33. Bxd7 Nxd7 34. Rad1 Ke8 35. f4 b4 36. e5 fxe5 37.
fxe5 {Precision: White = 87%, Black = 32%.} 1-0

[Event "Paracin Winter GM"]
[Site "Paracin SRB"]
[Date "2019.02.02"]
[Round "4"]
[White "Yang, Kaiqi"]
[Black "Fenil, Shah"]
[Result "1-0"]
[WhiteElo "2448"]
[BlackElo "2400"]
[PlyCount "94"]
[EventDate "2019.01.31"]
[EventType "tourn"]
[EventRounds "9"]
[EventCountry "YUG"]
[EventCategory "6"]
[Source "ChessMix"]
[SourceDate "2019.02.10"]

1. c4 {Fernandez, D} e5 2. Nc3 Nf6 3. Nf3 Nc6 4. g3 d5 5. cxd5 Nxd5 6. Bg2 Bc5
{A29: English Opening: Four Knights Variation with  g3 [%emt 0:00:04]} 7. O-O
O-O 8. d3 Re8 {LiveBook: 11 Games. The position is equal.} 9. Ng5 Nf6 10. Bd2
$146 ({Predecessor:} 10. Qb3 Qe7 11. Nd5 Nxd5 12. Bxd5 Nd8 13. Qc4 Bd4 14. Bg2
{1-0 (68) Caruana,F (2799) -Adams,M (2715) London 2017 CBM 182 [Fernandez,D]})
10... Bf8 11. Rc1 Nd4 12. e3 Ne6 13. Nxe6 Rxe6 14. d4 c6 15. dxe5 $1 Rxe5 16.
e4 Re8 17. Qc2 Be6 18. Rcd1 Qc8 19. Bg5 Be7 20. Rfe1 h6 21. Bc1 Bg4 22. f3 Bh3
23. e5 (23. Be3 $14) 23... Bc5+ (23... Bf5 $1 $11 24. Qf2 Nd5) 24. Kh1 $1 $14
Bf5 {[#]} ({Better is} 24... Nh7 $14) 25. Ne4 $1 $36 {White is really pushing.}
Rxe5 {[#]} 26. Qc3 $1 Bxe4 27. Qxe5 Bd5 {[#]} 28. Bxh6 $1 Ne8 (28... gxh6 29.
Qxf6) 29. Qc3 {Rxe8+! would kill now.} Bf8 30. Be3 a5 31. a3 Nd6 32. Bc5 Qf5 (
32... Ne8 {was worth a try.} 33. Bxf8 Kxf8) 33. Bxd6 $18 Bxd6 34. f4 Bxg2+ 35.
Kxg2 Bf8 36. Re5 Qg4 37. Qf3 Qg6 38. Qe4 Qxe4+ 39. Rxe4 {Endgame KRR-KRB} b5
40. Rde1 Rd8 41. Re8 {White is clearly winning.} Rd2+ 42. R1e2 Rxe2+ 43. Rxe2
a4 44. Re8 g6 45. Rc8 c5 46. Kf3 Kg7 47. Ke4 Be7 {
Precision: White = 82%, Black = 43%.} 1-0

[Event "Paracin Winter GM"]
[Site "Paracin SRB"]
[Date "2019.02.03"]
[Round "5"]
[White "Djordjevic, Vuk"]
[Black "Yang, Kaiqi"]
[Result "1/2-1/2"]
[WhiteElo "2408"]
[BlackElo "2448"]
[PlyCount "74"]
[EventDate "2019.01.31"]
[EventType "tourn"]
[EventRounds "9"]
[EventCountry "YUG"]
[EventCategory "6"]
[Source "ChessMix"]
[SourceDate "2019.02.10"]

1. e4 e5 2. Nf3 Nc6 3. d4 exd4 4. Nxd4 Nf6 5. Nxc6 bxc6 6. Bd3 d5 7. exd5 cxd5
8. O-O $146 (8. Bb5+ Bd7 9. Bxd7+ Qxd7 10. O-O {
1/2-1/2 (15) Stevic,H (2607) -Ponomariov,R (2749) Khanty-Mansiysk 2010}) ({
Predecessor:} 8. Bb5+ Bd7 9. Bxd7+ Qxd7 10. O-O {
1/2-1/2 (36) Yildiz Kadioglu,B (2219)-Moliboga,V (2277) Lvov 2011}) 8... Be7 9.
Bb5+ Bd7 10. Bxd7+ Qxd7 11. Nd2 O-O 12. b3 {C45: Scotch Game} Qf5 (12... Ng4
13. Bb2 Bf6 14. Bxf6 Nxf6 15. Qf3 Rfe8 {
1/2-1/2 (15) Stevic,H (2607)-Ponomariov,R (2749) Khanty-Mansiysk 2010}) ({
Predecessor:} 12... Rad8 13. Bb2 Qf5 14. Nf3 {
1/2-1/2 (36) Yildiz Kadioglu,B (2219) -Moliboga,V (2277) Lvov 2011}) 13. Nf3 c5
14. Bb2 Rad8 15. Re1 Ne4 ({Predecessor:} 15... Bd6 16. Be5 Rfe8 17. Bxd6 Rxd6
18. Rxe8+ Nxe8 19. Qd2 Re6 {
1/2-1/2 (36) Yildiz Kadioglu,B (2219)-Moliboga,V (2277) Lvov 2011}) 16. Qd3 Bf6
17. Bxf6 Qxf6 18. c4 Nc3 19. cxd5 Nxd5 20. Qc4 Nf4 21. Rad1 ({Reject} 21. Qxc5
Nd3 $17) 21... h6 22. Qe4 Rxd1 23. Rxd1 Rd8 24. Rxd8+ Qxd8 25. h3 Ne6 26. Kh2
Qd6+ 27. g3 Qa6 $36 {Black fights for an advantage.} 28. a4 Qf1 29. Qe3 Qd1 30.
Kg2 Qd5 31. Kh2 a6 32. a5 g6 33. Nd2 (33. Qc3 $11) 33... Nd4 ({Better is} 33...
Ng5 $1 $15 34. Nc4 Nf3+ 35. Kg2 Ne1+ {Discovered Attack (Double check)} 36. Kf1
Nc2 37. Qe8+ Kh7) 34. Qd3 ({White should try} 34. h4 $11) 34... Qb7 (34... Nf3+
$1 $15 35. Qxf3 Qxd2) 35. Qe3 Qd5 ({Black should play} 35... Qb4 $11 36. Qe8+ (
36. Qxh6 $2 Qxd2 {Remove Defender, Decoy} 37. Qxd2 Nf3+ {Double Attack} 38. Kg2
Nxd2 $19) 36... Kg7) 36. Qd3 $15 {[#]} Qb7 (36... Nf3+ $1 $15 37. Qxf3 (37.
Nxf3 Qxd3) 37... Qxd2) 37. Qe3 Qd5 {Accuracy: White = 72%, Black = 49%.}
1/2-1/2

[Event "Paracin Winter GM"]
[Site "Paracin SRB"]
[Date "2019.02.03"]
[Round "6.4"]
[White "Yang, Kaiqi"]
[Black "Oglaza, Oskar"]
[Result "1/2-1/2"]
[WhiteElo "2448"]
[BlackElo "2320"]
[PlyCount "155"]
[EventDate "2019.01.31"]
[EventType "tourn"]
[EventRounds "9"]
[EventCountry "YUG"]
[EventCategory "6"]
[Source "ChessMix"]
[SourceDate "2019.02.10"]

1. Nf3 $146 ({Predecessor:} 1. d4 Nf6 2. c4 g6 3. Nf3 Bg7 4. g3 d5 5. cxd5 Nxd5
6. Bg2 Nb6 {1/2-1/2 (85) Amanov,M (2516)-Ragger,M (2670) Istanbul 2012}) 1...
Nf6 2. c4 g6 3. Nc3 d5 4. cxd5 Nxd5 5. g3 Bg7 6. Bg2 Nb6 7. d4 Nc6 8. e3 O-O 9.
O-O Re8 10. Re1 a5 {D76: Fianchetto GrÃ1/4nfeld: Main Line with 7...Nb6} 11.
Qe2 Be6 $1 12. Nd2 Nb4 13. Rd1 c6 14. b3 a4 15. Rb1 N6d5 ({Predecessor:} 15...
axb3 16. axb3 N6d5 17. Bb2 Nxc3 18. Bxc3 {
1/2-1/2 (85) Amanov,M (2516)-Ragger,M (2670) Istanbul 2012}) 16. Nxd5 Nxd5 17.
Bb2 axb3 18. axb3 Ra2 19. Rdc1 Nc7 20. Nc4 Nb5 21. Ra1 Rxa1 22. Rxa1 Qc7 23. b4
Rd8 24. Na5 Qb6 25. Qc2 Bd5 26. Qc5 (26. Nc4 {seems wilder.} Bxc4 27. Qxc4 e6
28. Bf1 Bf8 29. Ra4) 26... Qxc5 (26... Qc7 {is interesting.} 27. Rc1 Bxg2 28.
Qxb5 Bf3 29. Qxb7 Qxb7 30. Nxb7 Rb8) 27. bxc5 Bxg2 $1 28. Kxg2 Rb8 29. g4 g5
30. Kf3 Kf8 {[#]} ({Black should try} 30... e6 $14) 31. Ke4 (31. Nxb7 $1 $16
Nc7 32. Ra7) 31... e6 32. Bc1 Ke7 33. Bd2 Kd7 34. Rh1 b6 35. cxb6 Nd6+ 36. Kd3
{aiming for Bb4.} Rxb6 37. h4 gxh4 38. Rxh4 h6 39. e4 f5 (39... Rb2 $11) 40.
gxf5 exf5 41. e5 Ne4 42. Bxh6 Nxf2+ 43. Kc4 Bxh6 44. Rxh6 $11 {Endgame KRN-KRN}
Ng4 (44... Ra6 $5 45. Rh7+ Ke6 46. Rh6+ Kd7 47. Rh7+ Ke6 $11) 45. Rd6+ Kc7 46.
Rg6 Kd7 47. Kd3 Ra6 48. Nb7 Ra3+ 49. Kd2 Nf2 50. Nc5+ Kc7 51. Rg7+ Kd8 52. Nb7+
Ke8 53. Nd6+ Kd8 54. Nxf5 {[#] Black must now prevent e6.} Ne4+ 55. Kc2 {
Threatens to win with e6.} Rf3 56. Nh6 (56. Rg4 $16) 56... Rc3+ 57. Kb2 Rd3 58.
Nf5 {Strongly threatening e6.} Rf3 59. Ne7 Kd7 60. Nd5+ $1 Kd8 61. Nb4 c5 62.
Nc6+ Kc8 63. d5 {Intending d6 and mate.} c4 64. Na7+ Kb8 $1 65. Nc6+ Kc8 66. e6
({Better is} 66. Na5 $16 c3+ 67. Kb3) 66... Rb3+ 67. Kc2 {
Nd4 is the strong threat.} Rc3+ 68. Kb2 Rb3+ 69. Kc2 {Hoping for Nd4.} Rc3+ 70.
Kd1 Rd3+ 71. Ke1 Re3+ 72. Kf1 {White wants to play Na7+.} c3 $1 73. Na7+ Kb8 $1
74. Nc6+ Kc8 75. Nb4 Nf6 (75... Nd6 $1 $11) 76. Kf2 (76. Rf7 $14 Nxd5 {
Remove Defender} 77. Nxd5 Rxe6 78. Nxc3) 76... Re5 77. Nc6 c2 78. d6 {
Accuracy: White = 42%, Black = 62%.} 1/2-1/2

[Event "Paracin Winter GM"]
[Site "Paracin SRB"]
[Date "2019.02.04"]
[Round "7.3"]
[White "Lazic, Miroljub"]
[Black "Yang, Kaiqi"]
[Result "1/2-1/2"]
[WhiteElo "2458"]
[BlackElo "2448"]
[PlyCount "44"]
[EventDate "2019.01.31"]
[EventType "tourn"]
[EventRounds "9"]
[EventCountry "YUG"]
[EventCategory "6"]
[Source "ChessMix"]
[SourceDate "2019.02.10"]

1. e4 e5 2. Nf3 Nc6 3. Bc4 $146 ({Predecessor:} 3. Bb5 a6 4. Ba4 Nf6 5. d3 d6
6. c3 Be7 7. Nbd2 O-O 8. O-O b5 9. Bb3 Na5 10. Bc2 c5 {
0-1 (67) Predke,A (2622)-Matlakov,M (2700) St Petersburg 2018}) 3... Nf6 4. d3
Be7 5. O-O O-O 6. Re1 d6 7. c3 Na5 8. Bb5 a6 9. Ba4 b5 10. Bc2 c5 11. Nbd2 Nc6
{Predecessor:} 12. Nf1 Re8 13. h3 h6 14. Ng3 Be6 15. d4 exd4 16. cxd4 cxd4 17.
Nxd4 Nxd4 18. Qxd4 Rc8 19. Bb3 d5 20. exd5 Nxd5 21. Ne4 Qd7 22. Bd2 Qb7 {
0-1 (67) Predke,A (2622)-Matlakov,M (2700) St Petersburg 2018} 1/2-1/2